000 00567nam a2200217Ia 4500
003 OSt
005 20220923225309.0
006 a|||||r|||| 00| 0
007 ta
008 220922b |||||||| |||| 00| 0 san d
024 _a262,219
037 _cTextual
040 _aARTS
_cARTS
_bsan
041 _2san
_asan
082 _aP44z7, J4
245 0 _aचतुर्दशभाषा निबन्धावली
246 _aChaturdashabhāṣhā nibandhāvalī
260 _c1954
942 _hP44z7, J4
_cTEXL
_2CC
999 _c377321
_d377321